| 000 | 01004nam a22002417a 4500 | ||
|---|---|---|---|
| 999 |
_c61318 _d61318 |
||
| 005 | 20240919114255.0 | ||
| 008 | 240206s2018 enk||||| |||| 00| 0 eng d | ||
| 020 | _a9780134277554x | ||
| 041 | _aeng | ||
| 080 | _a004.42 U-55 | ||
| 245 |
_aUNIX and Linux System Administration Handbook / _cAuthor : Evi Nemeth, Garth Snyder, Trent Hein, Ben Whaley, Dan Mackin. |
||
| 250 | _aFifth edition | ||
| 264 |
_aBoston : _bAddison-Wesley, _c2018. |
||
| 300 |
_a 1180 pages : _b illustrations ; _c 23 cm. |
||
| 653 | _aUNIX და Linux სისტემის ადმინისტრირება | ||
| 653 | _aკომპიუტერული ტექნოლოგიები | ||
| 700 |
_aNemeth, Evi _eავტორი _921205 |
||
| 700 |
_aSnyder, Garth _eავტორი _921206 |
||
| 700 |
_aHein, Trent _eავტორი _921207 |
||
| 700 |
_aWhaley, Ben _eავტორი _921208 |
||
| 700 |
_aMackin, Dan _eავტორი _921209 |
||
| 942 |
_2udc _cᲬᲘᲒᲜᲘ |
||